| 000 | 00617nam a22001577a 4500 | ||
|---|---|---|---|
| 003 | OSt | ||
| 005 | 20150927105029.0 | ||
| 008 | 150927b xxu||||| |||| 00| 0 eng d | ||
| 040 | _cRUA | ||
| 082 | _aATM.Sp UN 2003 B058 Or.1 | ||
| 100 |
_91410 _aUN, BUNTHON. |
||
| 245 | _aEffect of ethephon at chup on PR107 GT1 KV4 PB235 experimental block 89D, ប្រសិទ្ធភាពនៃថ្នាំអេតេហ្វូនលើពូជ PR107 GT1 KV4 PB235 នៅជុបឡូតិ៍ពិសោធន៍៨៩ដេ | ||
| 260 |
_aPhnom Penh _bRUA _c2003 |
||
| 300 |
_a69p. _bill. _c29cm. |
||
| 942 |
_2ddc _cATMSP |
||
| 999 |
_c1325 _d1325 |
||